Z historii polskiej mysli ekonomicznej 1945-1995

Gespeichert in:
Bibliographische Detailangaben
1. Verfasser: Lukawer, Edward
Format: Buch
Sprache:Polnisch
Veröffentlicht: Warszawa Olympus 1996
Schlagworte:
Tags: Tag hinzufügen
Keine Tags, Fügen Sie das erste Tag hinzu!

MARC

LEADER 00000nam a2200000 4500
001 c123031
005 20240909130622.8
020 |a 83-86069-45-7, 83-86895-05-5 
041 0 |a pol 
044 |a PL 
245 1 0 |a Z historii polskiej mysli ekonomicznej  |b 1945-1995  |c Edward Lukawer 
264 1 |a Warszawa  |b Olympus  |c 1996 
300 |a 166 s. 
610 2 0 |a myslenie ekonomické 
610 2 0 |a história 
610 2 0 |a socializmus 
610 2 0 |a zjazdy 
610 2 0 |a modelovanie 
610 2 0 |a analýzy 
610 2 0 |a politika hospodárska 
610 2 0 |a rast hospodársky 
610 2 0 |a ceny 
610 2 0 |a produkcia 
610 2 0 |a racionalizácia 
610 2 0 |a organizácie hospodárske 
610 2 0 |a plánovanie 
610 2 0 |a reformy hospodárske 
610 2 0 |a motivácia 
610 2 0 |a spotreba 
610 2 0 |a politika štruktúrna 
610 2 0 |a trh 
610 2 0 |a transformácia 
610 2 0 |a Marx, K. 
610 2 0 |a Poľsko 
610 2 0 |a 1945-1995 
100 1 |a Lukawer, Edward